000
00268nam a2200109 a 4500
005
20140513081048.0
008
020606s19uu xx 00 eng d
050
_a
P 612.3
_b
CIR
245
_a
The circulatory systems.
650
_a
Body systems
_x
Posters
999
_c
116235
_d
116235